| 000 | 00582nam a22002057a 4500 | ||
|---|---|---|---|
| 003 | OSt | ||
| 005 | 20140310183129.0 | ||
| 008 | 130531t xxu||||| |||| 00| 0 eng d | ||
| 020 | _a9789715845694 | ||
| 050 |
_aQC 21 _b.Sa236 2008 |
||
| 082 |
_aFIL 530.078 _bSa236 2008 |
||
| 245 |
_aBreaking through Physics _bLaboratory manual _cSantisteban, Celeste Joan C. |
||
| 260 |
_aQuezon City _bC & E Publishing, Inc. _cc2008 |
||
| 300 |
_avi, 217 p. _bill. _c26 cm. |
||
| 521 | _aCollege students | ||
| 526 | _c1210L-1700L | ||
| 541 | _j1 | ||
| 562 | _e1 | ||
| 942 |
_2lcc _cBK _kFIL |
||
| 999 |
_c19102 _d19102 |
||